| 000 | 02349nac a22002891u 4500 | ||
|---|---|---|---|
| 008 | 080916s20012006xxu||||| |||| 00| 0 ara d | ||
| 020 | _a9771801864 | ||
| 020 | _a9771804286 | ||
| 082 |
_a328.3 _bم ح ا |
||
| 245 |
_aمحاضر مجلس شوري النواب / _cدراسة تحليلية وإشراف سعيدة محمد حسني ؛ تحقيق عبد الرازق عبد الرازق عيسى؛ تصدير سمير غريب |
||
| 260 |
_aالقاهرة : _bدار الكتب والوثائق القومية ، 2001- 2006. _c2001- 2006. |
||
| 300 |
_a2 مج ؛ _c32 cm. |
||
| 504 | _aيحتوي علي إرجاعات ببليوجرافية وفهارس | ||
| 505 |
_tالهيئة النيابية الأولى : 1866 - 1869 _rدراسة تحليلية وإشراف سعيدة محمد حسنى ؛ تحقيق عبد الرازق عبد الرازق عيسى ؛ تصدير سمير غريب _tالهيئة النيابية الثانية : 1870 - 1873 _rتحقيق حسام محمد عبد المعطى ؛ إشراف سعيدة محمد حسنى |
||
| 511 | _aCatalogued by: Sara | ||
| 650 |
_aالشورى في مصر _921458 |
||
| 650 |
_aالهيئات التشريعية _921459 |
||
| 651 |
_921457 _aمصر _xمجلس الشورى |
||
| 700 |
_921040 _a ؛ حسنى ، سعيدة محمد _eدراسة تحليلية وإشراف |
||
| 700 |
_921041 _a ؛عيسى ، عبد الرازق عبد الرازق _eتحقيق |
||
| 700 |
_921042 _a ؛عبد المعطى ، حسام محمد _eتحقيق |
||
| 740 | _aمحاضر مجلس شورى النواب: الهيئة النيابية الأولى | ||
| 740 | _aمحاضر مجلس شورى النواب: الهيئة النيابية الثانية | ||
| 942 |
_cBB _k328.3 م ح ا _2ddc |
||
| 999 |
_c8197 _d8197 |
||